000 00522 a2200157 4500
003 OSt
005 20231122141120.0
008 231122b |||||||| |||| 00| 0 eng d
020 _a9788174823816
040 _coclc
082 _a540
_bKUL/U
100 _aKulshrestha, Hemant
_98444
245 _aUpkar's CSIR-UGC NET/JRF/SET Chemical Sciences through solved papers /
_cDr. Hemant Kulshreshtha and Prof. Ajay Taneja
260 _aAgra:
_bUpkar Prakashan
942 _2ddc
_cBK
_h540
_iKUL/U
_k540
_mKUL/U
999 _c41849
_d41849